| 000 | 01799cad a22003135a 4500 | ||
|---|---|---|---|
| 008 | 240201t2024 xxk f f 001 0 eng d | ||
| 020 | _a9780993151378 | ||
| 041 | 0 | _aeng | |
| 110 | 2 | _aRoyal Institution of Chartered Surveyors | |
| 240 | 0 | 0 | _aRed Book |
| 245 | 0 | 0 |
_aInternational Valuation Standards _bEffective 31 January 2025 |
| 260 |
_aLondon, _bInternational Valuation Standards Council, _c2024 |
||
| 300 | _a161p. | ||
| 490 | 0 | _aRICS Valuation Standards | |
| 490 | _aRICS Red Book | ||
| 505 | 2 | _aIVS Framework - Scope of work - Bases of Value - Valuation Approaches - Data and Inputs - Valuation models - Documentation and Reporting - Businesses and Business Interests - Intangible Assets - Inventory - Plant and Equipment - Real Property Interests - Development Property - Financial Instruments | |
| 520 | _aEffective from 31 January 2025. This latest edition introduces important new chapters, such as 'Data and Inputs' and 'Valuation Models,' and restructures the content to reflect the valuation process more accurately from start to finish. | ||
| 520 | _aReplaces IVS 2022 ISBN 9780993151347 | ||
| 650 | 2 | 4 | _aRICS VALUATION STANDARDS |
| 650 | 2 | 4 | _aINTERNATIONAL VALUATION STANDARDS |
| 650 | 2 | 4 | _aRED BOOK |
| 651 | 4 | _aInternational | |
| 690 |
_aValuation _96273 |
||
| 710 | 2 | _aInternational Valuation Standards Council | |
| 710 | _aRoyal Institution of Chartered Surveyors | ||
| 856 | 4 | 0 |
_uhttps://community.rics.org/discussion/new-ivs-published-31124-effective-from-31125-copy-attached-for-individual-use-by-members _zAvailable to RICS members via myRICS community |
| 856 | 4 | 0 |
_uhttps://www.ivsc.org/new-edition-of-the-international-valuation-standards-ivs-published/ _zAvailable to IVSC members and subscribers through IVSC portal |
| 942 | _n0 | ||
| 999 |
_c121783 _d121783 |
||